Loading...
Literature - American Literature | 0 | 4 | 0 | 0 | 40 | 36 | 75.50 | 1 | 3 |
Painting/Sculpture | 0 | 3 | 0 | 0 | 30 | 92 | 109.67 | 0 | 0 |
Literature - World Literature | 0 | 3 | 0 | 0 | 30 | 103 | 112.67 | 0 | 1 |
History - World History | 0 | 2 | 0 | 2 | 20 | 94 | 96.00 | 0 | 0 |
Literature - European Literature | 0 | 1 | 0 | 0 | 10 | 126 | 126.00 | 0 | 0 |
Fine Arts - Classical Music | 0 | 1 | 0 | 0 | 10 | 108 | 108.00 | 0 | 0 |
Geography | 0 | 1 | 0 | 1 | 10 | 107 | 107.00 | 0 | 0 |
History - European History | 0 | 1 | 0 | 0 | 10 | 98 | 98.00 | 0 | 0 |
Literature - British Literature | 0 | 1 | 0 | 0 | 10 | 117 | 117.00 | 0 | 0 |
Pop Culture | 0 | 1 | 0 | 0 | 10 | 25 | 25.00 | 0 | 1 |
Fine Arts - Other Fine Arts | 0 | 0 | 0 | 0 | 0 | 0.00 | 0 | 0 | |
Religion | 0 | 0 | 0 | 0 | 0 | 0.00 | 0 | 0 | |
Philosophy | 0 | 0 | 1 | 0 | -5 | 0.00 | 0 | 0 | |
Science - Chemistry | 0 | 1 | 3 | 0 | -5 | 81 | 81.00 | 0 | 1 |
Mythology | 0 | 0 | 1 | 0 | -5 | 0.00 | 0 | 0 |